MARC details
| 000 -LEADER |
| campo de control de longitud fija |
01648cam a2200313 a 4500 |
| 001 - NÚMERO DE CONTROL |
| campo de control |
3119816 |
| 003 - IDENTIFICADOR DE NÚMERO DE CONTROL |
| campo de control |
000032 |
| 005 - FECHA Y HORA DE LA ÚLTIMA TRANSACCIÓN |
| campo de control |
20220326193245.0 |
| 008 - DATOS DE LONGITUD FIJA--INFORMACIÓN GENERAL |
| campo de control de longitud fija |
021025s2000 ck ah b l000 0 spa d |
| 020 ## - NÚMERO INTERNACIONAL ESTÁNDAR DEL LIBRO |
| Número Internacional Estándar del Libro |
9588109078 |
| 035 ## - NÚMERO DE CONTROL DEL SISTEMA |
| Número de control de sistema |
(OCoLC)ocm50861576 |
| 035 ## - NÚMERO DE CONTROL DEL SISTEMA |
| Número de control de sistema |
(NNC)3119816 |
| 040 ## - FUENTE DE CATALOGACIÓN |
| Centro catalogador/agencia de origen |
NDD |
| Centro/agencia transcriptor |
NDD |
| Centro/agencia modificador |
TJC |
| 090 ## - LOCALMENTE ASIGNADO TIPO-LC NÚMERO DE CLASIFICACIÓN (OCLC); NÚMERO DE CLASIFICACIÓN LOCAL (RLIN) |
| Número de clasificación (OCLC) (R) ; Numero de clasificación, CALL (RLIN) (NR) |
N6494.C63 |
| Número cutter local (OCLC) ; Número de libro/Signatura topográfica íntegra, CALL (RLIN) |
B377 2000 |
| 092 ## - ASIGNACIÓN LOCAL DE SIGNATURA TOPOGRÁFICA DEWEY (OCLC) |
| Número de clasificación |
709.8610904 |
| Número de ítem |
B276o69, 2000 |
| 100 1# - ENTRADA PRINCIPAL--NOMBRE DE PERSONA |
| Nombre de persona |
Barrios, Alvaro, |
| Fechas asociadas al nombre |
1945- |
| 9 (RLIN) |
127 |
| 245 10 - MENCIÓN DEL TÍTULO |
| Título |
Orígenes del arte conceptual en Colombia, 1968-1978 / |
| Mención de responsabilidad, etc. |
Alvaro Barrios. |
| 260 ## - PUBLICACIÓN, DISTRIBUCIÓN, ETC. |
| Lugar de publicación, distribución, etc. |
[Bogotá] : |
| Nombre del editor, distribuidor, etc. |
Alcaldía Mayor de Bogotá, |
| Fecha de publicación, distribución, etc. |
[2000?] |
| 300 ## - DESCRIPCIÓN FÍSICA |
| Extensión |
206 p. : |
| Otras características físicas |
ill., facsims. ; |
| Dimensiones |
24 cm. |
| 500 ## - NOTA GENERAL |
| Nota general |
"Ensayo histórico, teórico, o crítico : el arte colombiano de fin de milenio, premio"--Added t.p. |
| 504 ## - NOTA DE BIBLIOGRAFÍA, ETC. |
| Nota de bibliografía, etc. |
Includes bibliographical references. |
| 505 ## - NOTA DE CONTENIDO CON FORMATO |
| Información miscelánea |
11 |
| Título |
Introducción |
| Información miscelánea |
13 |
| Título |
El "Homenaje a Dante" y la exposición de "Espacios ambientales" |
| Información miscelánea |
23 |
| Título |
Hablan los protagonistas |
| Información miscelánea |
25 |
| Título |
Conversación con Bernardo Salcedo |
| Información miscelánea |
43 |
| Título |
Conversación de Beatriz González |
| Información miscelánea |
63 |
| Título |
Conversación con Alonso Garcés sobre Feliza Bursztyn |
| Información miscelánea |
71 |
| Título |
Conversación con Álvaro Barrios |
| Información miscelánea |
81 |
| Título |
"Sueños con Marcel Duchamp" |
| Información miscelánea |
97 |
| Título |
Los "Grabados Populares" |
| Información miscelánea |
103 |
| Título |
Conversación con Antonio Caro |
| Información miscelánea |
131 |
| Título |
Conversación con Miguel Ángel Rojas |
| Información miscelánea |
155 |
| Título |
Conversación con Eduardo Serrano |
| Información miscelánea |
169 |
| Título |
Conversación con Ramiro Gómez sobre "El Siondicato" |
| Información miscelánea |
183 |
| Título |
Datos biográficos |
| Información miscelánea |
191 |
| Título |
Cronología |
| 600 ## - PUNTO DE ACCESO ADICIONAL DE MATERIA--NOMBRE DE PERSONA |
| Nombre de persona |
Álvaro Barrios |
| 9 (RLIN) |
128 |
| 650 #0 - PUNTO DE ACCESO ADICIONAL DE MATERIA--TÉRMINO DE MATERIA |
| Término de materia o nombre geográfico como elemento de entrada |
Conceptual art |
| Subdivisión geográfica |
Colombia. |
| 9 (RLIN) |
129 |
| 650 #0 - PUNTO DE ACCESO ADICIONAL DE MATERIA--TÉRMINO DE MATERIA |
| Término de materia o nombre geográfico como elemento de entrada |
Arte conceptual |
| Subdivisión geográfica |
Colombia |
| 9 (RLIN) |
130 |
| 650 #0 - PUNTO DE ACCESO ADICIONAL DE MATERIA--TÉRMINO DE MATERIA |
| Término de materia o nombre geográfico como elemento de entrada |
Art, Colombian |
| Subdivisión cronológica |
20th century. |
| 9 (RLIN) |
131 |
| 650 #0 - PUNTO DE ACCESO ADICIONAL DE MATERIA--TÉRMINO DE MATERIA |
| Término de materia o nombre geográfico como elemento de entrada |
Artists |
| Subdivisión geográfica |
Colombia |
| Subdivisión de forma |
Interviews. |
| 9 (RLIN) |
132 |